• 首页
  • 本馆介绍
  • 公告通知
  • 最新文献
  • 馆藏检索
  • 电子资源
  • 读者导购
  • 参考咨询
  • 我的图书馆
  • 登录
  • 详细信息显示
  • 放入我的书架
  • 预约/预借图书
  • 作者相关作品
  • 分类相关作品
  • 丛书相关作品
  • 出版社相关作品

书目信息

  • 表格格式
  • 工作单格式
  • 卡片格式
题名:
汇编语言程序设计
    
 
作者: 吴向军 编著
分册:  
出版信息: 北京   高等教育出版社  2002
页数: 368页
开本: 23cm
丛书名:
单 册:
中图分类: TP313
科图分类:
主题词: 汇编语言--程序设计--教材
电子资源:
ISBN: 7-04-010674-4
000 00831nam0 2200253 450
001 0100208021
005 20170522150607.0
010    @a7-04-010674-4@dCNY27.30
011    @a7-04-010674-4
100    @a20021005d2002 em y0chiy0110 ea
101 0  @achi
102    @aCN@b110000
105    @ay z 000yy
106    @ar
200 1  @a汇编语言程序设计@9Hui Bian Yu Yan Cheng Xu She Ji @f吴向军等编著@b专著
210    @a北京@c高等教育出版社@d2002
215    @a368页@d23cm
300    @a新世纪网络课程教材
330    @a本书主要内容包括:预备知识;CPU资源和存储器;操作数的寻址方式;标识符和表达式;微机CPU的指令系统;程序的基本结构等。
606 0  @a汇编语言@x程序设计@j教材
690    @aTP313@v4
701  0 @a吴向军@c(计算机技术)@9wu xiang jun@4编著
801  0 @aCN@bAiZhiMarc@c20020716
905    @aBZT@dTP313@e113@f2@sTP313/113
    
    汇编语言程序设计/吴向军等编著.-北京:高等教育出版社,2002
    368页;23cm
    新世纪网络课程教材
    
    ISBN 7-04-010674-4:CNY27.30
    本书主要内容包括:预备知识;CPU资源和存储器;操作数的寻址方式;标识符和表达式;微机CPU的指令系统;程序的基本结构等。
●
相关链接 在五车中查询图书 在当当中查询图书 在豆瓣中查询图书


正题名:汇编语言程序设计     索取号:TP313/113         预约/预借

序号 登录号 条形码 馆藏地/架位号 状态 备注
1 2000020292   2000020292   旧书回溯/ [索取号:TP313/113] 在馆    
2 2000020293   2000020293   旧书回溯/ [索取号:TP313/113] 在馆    
山东省滨州职业学院图书馆 欢迎您!
大连网信软件有限公司© 版权所有